|
|
|
|
| LEADER |
00956nam a2200253 4500 |
| 001 |
c000038766 |
| 003 |
CARM |
| 005 |
00000000000000.0 |
| 008 |
740621s1974 ohua b 00110 eng |
| 019 |
1 |
|
|a 531320
|5 LACONCORD2021
|
| 020 |
|
|
|a 0675088461
|
| 035 |
|
|
|a (OCoLC)959977
|5 LACONCORD2021
|
| 050 |
0 |
0 |
|a LB1737.A3
|b S96
|
| 100 |
1 |
|
|a Sund, Robert B.
|
| 245 |
1 |
0 |
|a Student-centered teaching in the secondary school
|c [by] Robert B. Sund [and] Leslie W. Trowbridge.
|
| 260 |
|
|
|a Columbus, Ohio,
|b Merrill
|c [1974]
|
| 300 |
|
|
|a vi, 384 p.
|b illus.
|c 24 cm.
|
| 504 |
|
|
|a Includes bibliographical references.
|
| 650 |
|
0 |
|a High school teaching.
|
| 700 |
1 |
|
|a Trowbridge, Leslie W.
|e joint author.
|
| 852 |
8 |
|
|b CARM
|h A2:AI35F0
|i C04350
|p 0179289
|f BK
|
| 082 |
0 |
4 |
|a 373.1/1/02
|
| 999 |
f |
f |
|i cc1ef6f3-afb3-58af-952a-d92920238da3
|s 4bd5ad7b-2d31-5be7-968c-7fa9c4114f37
|
| 952 |
f |
f |
|p Can circulate
|a CAVAL
|b CAVAL
|c CAVAL
|d CARM 1 Store
|e C04350
|f A2:AI35F0
|h Other scheme
|i book
|m 0179289
|